Jodo Shinshu: Shin Buddhism in medieval Japan
Gespeichert in:
| 1. Verfasser: | |
|---|---|
| Format: | Buch |
| Sprache: | Englisch |
| Veröffentlicht: |
Indianápolis
Indiana University Press
1989
|
| Schlagworte: | |
| Tags: |
Tag hinzufügen
Keine Tags, Fügen Sie den ersten Tag hinzu!
|
MARC
| LEADER | 00000nam a2200000 a 4500 | ||
|---|---|---|---|
| 001 | UCX3718 | ||
| 003 | CL-VaPUC | ||
| 008 | 911205e19890000US |||||||||||||||||eng|d | ||
| 082 | 0 | 4 | |a 294.3 |b DOB |2 21 |
| 100 | 0 | |a Dobbins, James C |e author |9 319903 | |
| 245 | 1 | 0 | |a Jodo Shinshu: Shin Buddhism in medieval Japan |
| 300 | |a 242 p | ||
| 942 | |c BK | ||
| 945 | |d 19911205 00:00:00 |a aalvarez | ||
| 260 | |a Indianápolis |b Indiana University Press |c 1989 | ||
| 650 | 7 | |a BUDISMO |2 CL-VaPUC |9 319904 | |
| 650 | 0 | |a Religión |9 255164 | |
| 651 | 0 | |a Japón |9 260391 | |
| 583 | |a last modification |c 20120709 09:48:05 |k Rodrigo Vera | ||
| 999 | |c 224398 |d 224396 | ||
| 952 | |0 0 |1 0 |4 0 |6 294_300000000000000_DOB_1989 |7 0 |8 A |9 221000 |a BIBGIM |b BIBGIM |d 2019-11-15 |i 301553K |o 294.3 DOB 1989 |p 301553K |r 2025-01-15 |w 2019-11-15 |y BK |k ORI | ||
| 952 | |0 0 |1 0 |4 0 |6 294_300000000000000_DOB_1989 |7 0 |8 A |9 221001 |a BIBGIM |b BIBGIM |d 2019-11-15 |i 289758K |o 294.3 DOB 1989 |p 289758K |r 2025-01-15 |w 2019-11-15 |y BK |k ORI | ||